The Strokes Lyrics - Last Nite - Statistics

General Stats
  • This quiz has been taken 185 times
  • The average score is 174 of 202
Answer Stats
Lyrics % Correct
Last
100%
night,
100%
I
99%
I,
99%
said
99%
she
99%
so
99%
So
99%
baby,
97%
feel
97%
"Oh,
97%
Oh,
97%
oh,
97%
a
96%
down
96%
me
95%
me,
95%
'round
95%
turn
95%
don't
94%
no
92%
No,
92%
out"
92%
out
92%
for
91%
of
91%
that
89%
this
89%
this,
89%
know
88%
left
88%
When
88%
off
87%
they
87%
And,
85%
And
85%
sure
85%
more
84%
understand
83%
door
82%
door,
82%
it
81%
It
81%
people,
81%
turned
81%
walking
81%
won't
81%
I'm
80%
care
79%
gonna
79%
On
79%
be
78%
ever
78%
why
77%
girl,
75%
can't
74%
ain't
73%
girlfriends,
73%
in
68%
In
68%
yeah
68%
now
67%
was
67%
I've
66%
Your
66%
been
65%
top
65%
big
63%
great,
62%
just
62%
miles
62%
alright
61%
minutes
60%
fifteen,
56%
grandsons,
56%
lie
53%
town
53%
keep
49%
spaceships,
49%
Well,
46%
'Cause
43%
'bout
42%
see
30%
See,
30%
little
18%
No matching quizzes found
Score Distribution
Percent of People with Each Score
Percentile by Number Answered
Your Score History
You have not taken this quiz